Mapping work processes (Record no. 1303504)

MARC details
000 -LEADER
fixed length control field 00535nam a2200193Ia 4500
005 - DATE AND TIME OF LATEST TRANSACTION
control field 20250326144400.0
008 - FIXED-LENGTH DATA ELEMENTS--GENERAL INFORMATION
fixed length control field 250326s9999 xx 000 0 und d
037 ## - SOURCE OF ACQUISITION
Stock number Textbook
040 ## - CATALOGING SOURCE
Original cataloging agency FMSL
Language of cataloging eng
Transcribing agency FMSL
041 ## - LANGUAGE CODE
Language code of text/sound track or separate title eng
Source of code eng
084 ## - COLON CLASSIFICATION NUMBER
Classification number X:89M P8
Assigning agency FMSL
100 ## - MAIN ENTRY--PERSONAL NAME
Personal name Andersen B
9 (RLIN) 737584
245 #0 - TITLE STATEMENT
Title Mapping work processes
Statement of responsibility, etc. Andersen B; Fagerhaug T And Others
250 ## - EDITION STATEMENT
Edition statement 2
260 ## - PUBLICATION, DISTRIBUTION, ETC.
Place of publication, distribution, etc. USA
Name of publisher, distributor, etc. USA, ASQ Quality
Date of publication, distribution, etc. 2008
365 ## - TRADE PRICE
Price amount 2274.3000000000002
942 ## - ADDED ENTRY ELEMENTS (KOHA)
Koha item type Textbook
Classification part X:89M P8
Holdings
Withdrawn status Lost status Damaged status Not for loan Home library Current library Date acquired Source of acquisition Cost, normal purchase price Total Checkouts Full call number Barcode Date last seen Price effective from Koha item type
        Faculty of Management Library Faculty of Management Library 2025-03-26 Index International 2274.30   X:89M P8 ML1352771 2025-03-26 2025-03-26 Textbook
Copyright @ Delhi University Library System